00724nam a22001097a 4500040000800000082002700008100001600035245042200051260002600473300002800499856008700527 cRUA aAVM VON 2003 B074 Or.1 aVON, PISEY. aeffect of mixing of rice bran with water spinach on growth rate of local chick at tramkak distric, akeo province (ឥទ្ធិពលនៃការប្រើប្រាស់កន្ទក់លាយត្រកួនទៅលើការលូតលាស់របស់កូនមាន់ពូជក្នុងស្រុកនៅស្រុកត្រាំកក់ ខេត្តតាកែវ) aPhnom PenhbRUAc2004 aviii, 36p.bill.c29cm. uhttps://drive.google.com/file/d/1z4KQ35sQuVboXPMMI4bIw2Lf5BXASIo0/view?usp=sharing